000 00457cam a2200157 4500
001 D10748
008 090401t xxu||||| |||| 00| 0 eng d
035 _a(Sirsi) u96273
041 _aeng
100 _aHannah, J.
245 _aImprovement of inertial surveying through postmission network adjustment and self-calibration
350 _a0
520 _aIn: RICS. Land surveyors information package 1: inertial surveying
942 _n0
948 _c04/03/1997
999 _c98601
_d98601